La investigación como parte de la formación profesional universitaria (Record no. 70818)
[ view plain ]
| 000 -CABECERA | |
|---|---|
| campo de control de longitud fija | 00670nam a2200241 a 4500 |
| 005 - FECHA Y HORA DE LA ÚLTIMA TRANSACCIÓN | |
| campo de control | 20210219153209.0 |
| 008 - ELEMENTOS DE LONGITUD FIJA--INFORMACIÓN GENERAL | |
| campo de control de longitud fija | 991125n 000 0 spa u |
| 035 ## - NÚMERO DE CONTROL DEL SISTEMA | |
| Número de control de sistema | UPN01000083667 |
| 100 ## - ASIENTO PRINCIPAL--NOMBRE PERSONAL | |
| Nombre de persona | CORONADO H., Martha |
| 222 ## - TÍTULO CLAVE | |
| Título clave | PERSPECTIVAS DOCENTES |
| 245 ## - MENCIÓN DE TÍTULO | |
| Título | La investigación como parte de la formación profesional universitaria |
| 260 ## - PUBLICACIÓN, DISTRIBUCIÓN, ETC. | |
| Lugar de publicación, distribución, etc. | VILLA HERMOSA, TABASCO |
| 300 ## - DESCRIPCIÓN FÍSICA | |
| Extensión | 3-10 |
| 362 ## - FECHAS DE PUBLICACIÓN Y/O DESIGNACIÓN SECUENCIAL | |
| Fecha de publicación y/o designación secuencial | 1996 19, may.-ago. |
| 653 0# - TERMINO DE INDIZACION - NO CONTROLADO | |
| Término no controlado | DOCENCIA |
| 653 0# - TERMINO DE INDIZACION - NO CONTROLADO | |
| Término no controlado | EDUCACION DE USUARIOS |
| 653 0# - TERMINO DE INDIZACION - NO CONTROLADO | |
| Término no controlado | EDUCACION SUPERIOR |
| 653 0# - TERMINO DE INDIZACION - NO CONTROLADO | |
| Término no controlado | FORMACION PROFESIONAL |
| 653 0# - TERMINO DE INDIZACION - NO CONTROLADO | |
| Término no controlado | MEXICO |
| 653 0# - TERMINO DE INDIZACION - NO CONTROLADO | |
| Término no controlado | SISTEMA EDUCATIVO |
| 904 ## - ELEMENTOS DE DATOS D LOCAL, LDD (RLIN) | |
| a | AC |
| b | 021478 |
| 905 ## - TIPO DE MATERIAL | |
| Tipo de material | Articulo |
No items available.
